000 00491nam a2200145Ia 4500
008 170725s9999 xx 000 0 und d
100 _aRodolfo Adamshuk Silva
245 2 _aA systematic review on search based mutation testing
245 _cRodolfo Adamshuk Silva, Simone do Rocio Senger de Souza, Paulo Sérgio Lopes de Souza
260 _c2017
300 _apages 19-35, January
440 _aInformation and software technology
_v81:
500 _aCJ0030
650 _aMutation Testing
999 _c340879
_d340879